Математическая модель оценки влияния электромагнитных нагрузок на показатели качества асинхронных двигателей; Современные техника и технологии; Т. 1

Bibliografiset tiedot
Parent link:Современные техника и технологии: сборник трудов XVI Международной научно-практической конференции студентов, аспирантов и молодых ученых, Томск, 12-16 апреля 2010 г/ Национальный исследовательский Томский политехнический университет (ТПУ).— , 2010
Т. 1.— 2010.— [С. 390-392]
Päätekijä: Ван Бо
Muut tekijät: Усачева Т. В. (научный руководитель)
Yhteenveto:Заглавие с титульного листа
Электронная версия печатной публикации
Kieli:venäjä
Julkaistu: 2010
Aiheet:
Linkit:http://www.lib.tpu.ru/fulltext/v/Conferences/2010/K04/104197.pdf
Aineistotyyppi: Elektroninen Kirjan osa
KOHA link:https://koha.lib.tpu.ru/cgi-bin/koha/opac-detail.pl?biblionumber=228167

MARC

LEADER 00000nla2a2200000 4500
001 228167
005 20231031201428.0
035 |a (RuTPU)RU\TPU\book\248620 
035 |a RU\TPU\book\248550 
090 |a 228167 
100 |a 20121217d2010 k y0rusy50 ca 
101 0 |a rus 
102 |a RU 
105 |a y z 101zy 
135 |a drnn ---uucaa 
181 0 |a i  
182 0 |a b 
200 1 |a Математическая модель оценки влияния электромагнитных нагрузок на показатели качества асинхронных двигателей  |b Электронный ресурс  |f Ван Бо  |g науч. рук. Т. В. Усачева 
203 |a Текст  |c электронный 
215 |a 1 файл (246 Кб) 
230 |a Электронные текстовые данные (1 файл : 246 Кб) 
300 |a Заглавие с титульного листа 
300 |a Электронная версия печатной публикации 
337 |a Adobe Reader 
461 0 |0 (RuTPU)RU\TPU\book\245271  |t Современные техника и технологии  |o сборник трудов XVI Международной научно-практической конференции студентов, аспирантов и молодых ученых, Томск, 12-16 апреля 2010 г  |o в 3 т.  |f Национальный исследовательский Томский политехнический университет (ТПУ)  |d 2010 
463 0 |0 (RuTPU)RU\TPU\book\245275  |t Т. 1  |v [С. 390-392]  |d 2010  |p [511 с.] 
610 1 |a асинхронные двигатели 
610 1 |a качественные показатели 
610 1 |a электромагнитные нагрузки 
610 1 |a математические модели 
610 1 |a электронный ресурс 
610 1 |a труды учёных ТПУ 
700 0 |a Ван Бо 
702 1 |a Усачева  |b Т. В.  |4 727 
801 1 |a RU  |b 63413507  |c 20121116 
801 2 |a RU  |b 63413507  |c 20130429  |g RCR 
856 4 |u http://www.lib.tpu.ru/fulltext/v/Conferences/2010/K04/104197.pdf 
942 |c CF